Statistiques concernant Paroles - Grand Bain (Dadju ft. Ninho)

Cliquez ici pour prendre le quiz!

Statistiques générales

  • Ce quiz a été pris 774 fois
  • Le résultat moyen est 297 sur 422

Statistiques - réponses

Paroles !% Correct
à
99%
a
99%
d'
99%
DadjuJ'
99%
j'
99%
l'
98%
t'
97%
T'
97%
la
96%
M'
96%
s'
96%
c'est
95%
C'est
95%
y'
95%
de
93%
qu'
93%
le
92%
ma
92%
n'
92%
ai
91%
me
91%
bain.
90%
grand
90%
il
90%
dans
89%
elle
89%
se
89%
faut
88%
faut,
88%
tu
88%
bien
87%
ou
87%
trop
87%
jaloux,
86%
jaloux
86%
présenter
86%
dois
85%
nous
85%
deux
84%
fin,
84%
jusqu'
84%
rien
84%
sera
84%
comme
83%
requins
83%
quand
81%
serai
81%
aimeras
80%
ancienne ?
80%
par
79%
ton
79%
fauché
78%
les
78%
Sois
77%
sois
77%
on
76%
On
76%
pas
75%
pas,
75%
yemma.
75%
Elvira,
73%
Cardi
72%
DadjuBébé,
70%
Bébé
70%
bébé
70%
faire
69%
peur
69%
choses
68%
sa
68%
dira
67%
main
67%
projets
67%
projets.
67%
foirer
66%
plein
66%
que
66%
je
65%
Dadju | NinhoJe
65%
des
63%
et
63%
Offset,
63%
qui
63%
ta
63%
te
62%
va
62%
pour
61%
dis
60%
veut
59%
mairie,
57%
diamant
56%
mérites,
53%
vie
53%
emmène
52%
gauche,
52%
mes
52%
si
51%
changer
50%
s'en
50%
fille,
49%
regarde
49%
j'ai
48%
moi
48%
suis
48%
côtés,
47%
ils
47%
mais
47%
marmots,
47%
yeah)
47%
(yeah,
47%
donné,
46%
du
45%
iv'.
45%
meilleure
44%
tes
44%
donner
43%
mal,
43%
même
43%
sur
43%
Copperfield,
42%
demander
42%
disparaître
42%
père
42%
sans
42%
veux
42%
ferai
41%
NinhoHey
41%
hey,
41%
lui
41%
NinhoParce
41%
parleront,
41%
veulent
41%
combien
40%
cramé
40%
doter,
40%
doutes,
40%
étais
40%
probablement
40%
sentir
40%
soucis
40%
donnerai.
38%
explique,
38%
hombre
38%
règles
37%
sais
37%
toujours
37%
faudra
36%
peux
35%
zéros
35%
bon.
33%
éviter
33%
fais
32%
fait
32%
ouais,
32%
rendez-vous
32%
chez
31%
pris
31%
vais
30%
charbonner
29%
famille,
28%
Bériz.
26%
coeur
26%
ici,
26%
aller,
25%
bégayer.
25%
continuer.
24%
partie
24%
précis,
24%
rester
24%
accrocher.
23%
gorge
23%
inquiète
23%
principes
23%
valeurs,
23%
as
22%
Lambos,
22%
autres
21%
barrer,
21%
peut
21%
piquer
21%
m'en
20%
séchée,
20%
coups
17%
prends
17%
blégué,
15%
dépendra
14%
(Écris : refrain)Refrain !
13%
fallait
4%

Distribution des résultats

Percentile par nombre de réponses

% des personnes avec chaque résultat

Votre développement - résultats

Vous n’avez pas pris ce quiz